Сборник задач по курсу высшей математике: учебное пособие

Xehetasun bibliografikoak
Beste egile batzuk: Дюбюк П. Е. (редактор), Кручкович Г. И., Глаголев Н. Н.
Hizkuntza:errusiera
Argitaratua: Москва, Высшая школа, 1963
Gaiak:
Formatua: Liburua
KOHA link:https://koha.lib.tpu.ru/cgi-bin/koha/opac-detail.pl?biblionumber=52724

MARC

LEADER 00000nam0a2200000 4500
001 52724
005 20231031042816.0
035 |a (RuTPU)RU\TPU\book\55264 
090 |a 52724 
100 |a 20030605d1963 m y0rusy50 ca 
101 0 |a rus 
102 |a RU 
105 |a a j 000zy 
200 1 |a Сборник задач по курсу высшей математике  |e учебное пособие  |f Под ред. П. Е. Дюбюка, Г. И. Кручкович, Н. Н. Глаголева 
210 |a Москва  |c Высшая школа  |d 1963 
215 |a 662 с.  |c ил. 
451 1 |0 (RuTPU)RU\TPU\book\37210  |t Сборник задач по курсу высшей математики  |o учебное пособие  |f Под ред. П. Е. Дюбюка, Г. И. Кручковича  |e 2-е изд.  |c М.  |n Высшая школа  |d 1965  |p 591 с. 
610 1 |a математика 
610 1 |a высшая математика 
610 1 |a задачи 
610 1 |a решения 
610 1 |a учебные пособия 
675 |a 51(076)  |v 3 
702 1 |a Дюбюк  |b П. Е.  |4 340 
702 1 |a Кручкович  |b Г. И.  |4 340 
702 1 |a Глаголев  |b Н. Н.  |4 340 
801 1 |a RU  |b 63413507  |c 20030605  |g PSBO 
801 2 |a RU  |b 63413507  |c 20210610  |g PSBO 
942 |c BK